Trazando Aleida /
Primer largometraje dirigido por Christiane Burkhard, quien acompaña el itinerario de Aleida Gallangos Vargas para trazar y reconstruir su verdadera identidad y la historia de su familia, víctima de la Guerra Sucia perpetrada por el gobierno mexicano durante las décadas de 1960 y 1970. Roberto Galla...
Na minha lista:
| Autor principal: | |
|---|---|
| Outros Autores: | , , |
| Formato: | |
| Idioma: | espanhol |
| Publicado em: |
México :
Prysma, Comunicación con Causa : Fondo para la Producción Cinematográfica de Calidad,
2007, c2007
|
| Assuntos: | |
| Tags: |
Sem tags, seja o primeiro a adicionar uma tag!
|
MARC
| LEADER | 00000ngm^a2200000^a^4500 | ||
|---|---|---|---|
| 001 | 000310338 | ||
| 005 | 20250521000000.0 | ||
| 009 | 20260310113013.78 | ||
| 037 | |a Acervo ITESO - Biblioteca | ||
| 041 | |a ESP | ||
| 082 | |a 320. 9720636 |b BUR | ||
| 100 | |a Burkhard, Christiane |e (realización) | ||
| 245 | 1 | 0 | |a Trazando Aleida / |c Realización de C. Burkhard. |
| 264 | 4 | |a México : |b Prysma, Comunicación con Causa : |b Fondo para la Producción Cinematográfica de Calidad, |c 2007, c2007 | |
| 264 | 2 | |a México : |b Cinemas Nueva Era [distribución], |c copyright fecha no identificada | |
| 300 | |a 1 DVD regiones 1 y 4 |c (87 min.) | ||
| 336 | |a imagen móvil bidimensional |b tdi |2 rdacontenido | ||
| 337 | |a video |b v |2 rdamedio | ||
| 338 | |a videodisco |b vd |2 rdasoporte | ||
| 520 | |a Primer largometraje dirigido por Christiane Burkhard, quien acompaña el itinerario de Aleida Gallangos Vargas para trazar y reconstruir su verdadera identidad y la historia de su familia, víctima de la Guerra Sucia perpetrada por el gobierno mexicano durante las décadas de 1960 y 1970. Roberto Gallangos y Carmen Vargas, militantes de la Liga Comunista 23 de Septiembre, fueron detenidos y desaparecidos en 1975: sus hijos Lucio Antonio y Aleida, de tres y dos años de edad, fueron adoptados por familias diferentes y criados como Juan Carlos Hernández y Luz Elba Gorostiola. Burkhard presenta una compilación introductoria de materiales de archivo, algunos de ellos inéditos, sobre la represión política de la época y sigue luego, cámara en mano, los pasos de Aleida: la consulta de expedientes policíacos, recién abiertos en 2001, en el Archivo General de la Nación (ANG); una visita a la familia materna en Atoyac, Guerrrero, y sobre todo la paciente búsqueda de Lucio Antonio, quien ignora todo sobre su propia identidad y ha emigrado a Washington D.C. La cineasta alemana, quien estudió y ha desarrollado su trayectoria fílmica en México, ofrece una mirada íntima a la historia personal de dos hermanos, emblemática a la vez de uno los episodios más trágicos y obscuros de la historia nacional, cuya complejidad ética e intensidad emocional queda sintetizada en el encuentro entre Aleida y Lucio Antonio. Los Gallangos Vargas son los primeros hijos de desaparecidos de la Guerra Sucia que se reencuentran y recuperan su identidad original y la artífice de ese logro permanece activa en la lucha por familiares de los desaparecidos políticos, en tanto hasta la fecha la justicia mexicana no ha juzgado a ninguno de los responsables de cientos de desapariciones. | ||
| 585 | |a Ambulante: Gira de Documentales (4ª: 2009): Participante sección oficial | ||
| 649 | |a XX | ||
| 650 | |a Cineastas Alemanes | ||
| 650 | |a Desaparecidos Políticos Mexicanos - |x Biografías | ||
| 650 | |a Activistas Sociales Mexicanos - |x Biografías | ||
| 650 | |a Mujeres Mexicanas - |x Biografías | ||
| 650 | |a Documentales | ||
| 650 | |a Opera Prima | ||
| 650 | |a Cine de Mujeres - |z México | ||
| 650 | |a Cine y Video Digital - |z México | ||
| 650 | |a Cine en Video - |z México | ||
| 650 | |a Cine Mexicano - |y 2000-2009 | ||
| 650 | |a Cine Mexicano - |y Siglo XXI | ||
| 650 | |a Historias de Vida | ||
| 650 | |a Identidad Personal | ||
| 650 | |a Historias de Familia - |z México | ||
| 650 | |a Desaparición Forzada de Personas - |z México - |x Historia | ||
| 650 | |a Crímenes contra la Humanidad - |z México - |x Historia | ||
| 650 | |a Impunidad (Derecho) - |z México - |x Historia | ||
| 650 | |a Derechos Humanos - |z México - |x Historia | ||
| 650 | |a Derecho y Política - |z México - |x Historia | ||
| 650 | |a Movimientos Políticos - |z México - |x Historia | ||
| 650 | |a Movimientos Sociales - |z México - |x Historia | ||
| 650 | |a Represión - |z México - |x Historia | ||
| 650 | |a Violencia Política - |z México - |x Historia | ||
| 650 | |a Guerra Sucia - |z México - |x Historia - |x Tema Principal | ||
| 650 | |a Política - |z México - |x Historia - |y 1970-1976 | ||
| 650 | |a Política - |z México - |x Historia - |y Siglo XX | ||
| 650 | |a Política - |z México - |x Historia - |y 2000-2006 | ||
| 650 | |a Política - |z México - |x Historia - |y Siglo XXI | ||
| 650 | |a Gallangos Vargas, Aleida | ||
| 650 | |a Gallangos Vargas, Lucio Antonio | ||
| 650 | |a Gallangos Vargas, Familia - |x Tema Principal | ||
| 650 | |a Liga Comunista 23 de Septiembre | ||
| 700 | |a Burkhard, Christiane |e (fotógrafo) | ||
| 700 | |a Gutiérrez Maupomé, Lucrecia |e (montaje) | ||
| 700 | |a González Phillips, Guillermo |e (música) | ||
| 910 | |a Fondo General | ||
| 920 | |a Audiovisuales - DVDs | ||
| 940 | |a Películas | ||
| 905 | |a 302 | ||
| 901 | |a 0500196390 |b IT2 |c DVS |i C123072 |u 20250521 | ||
| 902 | |a https://opac.biblio.iteso.mx/vufind/Record/000310338 | ||